| 000 | 00429nam a2200133Ia 4500 | ||
|---|---|---|---|
| 008 | 160809s9999 xx 000 0 und d | ||
| 100 | _aAli, Zakea Idris. | ||
| 245 | 2 | _aA Comprehensive Survey of Link Mining and Anomalies Detection | |
| 245 | _cZakea Idris Ali. | ||
| 260 | _bComputer Science and Information Technology | ||
| 260 | _cJanuary 2016 | ||
| 650 | _xINFORMATION TECHNOLOGY | ||
| 856 | _uhttp://airccse.org/V6N49.html | ||
| 999 |
_c300051 _d300051 |
||